Marine aquarium keeping: the science animals and art

Guardat en:
Dades bibliogràfiques
Autor principal: Spotte, Stephen (Autor)
Format: Llibre
Idioma:anglès
Publicat: Nueva York John Wiley 1973
Matèries:
Etiquetes: Afegir etiqueta
Sense etiquetes, Sigues el primer a etiquetar aquest registre!

MARC

LEADER 00000nam a2200000 a 4500
001 UCY3304
003 CL-VaPUC
008 941220e19730000US |||||||||||||||||eng|d
082 0 4 |a 639.342  |b SPO  |2 21 
100 0 |a Spotte, Stephen  |e author  |9 331583 
245 1 0 |a Marine aquarium keeping: the science animals and art 
300 |a 171 p 
942 |c BK 
945 |d 19941220 00:00:00  |a mfernand 
260 |a Nueva York  |b John Wiley  |c 1973 
650 0 |a Acuarios  |9 262315 
583 |a last modification  |c 20170406 01:24:08  |k Rodrigo Vera 
999 |c 231483  |d 231481 
952 |0 0  |1 0  |4 0  |6 639_342000000000000_SPO_1973  |7 0  |8 CCM  |9 234781  |a BIBCUR  |b BIBCUR  |d 2019-11-15  |i 3044769  |o 639.342 SPO 1973  |p 3044769  |r 2025-04-22  |w 2019-11-15  |y BK  |k CIM